| 000 | 00359nam a2200133Ia 4500 | ||
|---|---|---|---|
| 008 | 210430s9999 xx 000 0 und d | ||
| 020 | _a978-969-8535-32-2 | ||
| 082 | _a866.4 H968M | ||
| 100 |
_aSyed Shujaat Hussain. _91628 |
||
| 245 |
_aMy Life A Memoir. _cSyed Shujaat Hussain. |
||
| 260 |
_aIslamabad. _bNUST. _c2014 |
||
| 300 | _a146p. | ||
| 942 |
_cBK _2ddc |
||
| 999 |
_c565500 _d565500 |
||